Cities in Hennepin County, Minnesota - Statistics

General Stats
  • This quiz has been taken 57 times
  • The average score is 28 of 52
Answer Stats
Hint Answer % Correct
419,508 Minneapolis
100%
80,442 Brooklyn Park
97%
85,750 Bloomington
94%
51,507 Edina
94%
51,005 Minnetonka
94%
30,780 Brooklyn Center
91%
76,421 Plymouth
89%
47,633 St. Louis Park
89%
60,780 Eden Prairie
86%
18,269 Hopkins
83%
70,875 Maple Grove
83%
36,500 Richfield
77%
4,338 Wayzata
74%
20,615 Golden Valley
71%
20,165 New Hope
69%
14,210 Robbinsdale
69%
21,287 Crystal
66%
13,500 Rogers
66%
10,124 St. Anthony
66%
8,135 Orono
63%
26,469 Chanhassen
60%
31,003 Fridley
60%
22,546 Columbia Heights
57%
2,295 Excelsior
57%
22,371 Champlin
51%
2,565 Osseo
51%
7,384 Corcoran
49%
3,795 Deephaven
46%
6,888 Medina
46%
9,019 Mound
46%
9,242 Dayton
43%
8,666 Minnetrista
40%
3,769 Hanover
37%
4,670 Rockford
37%
321 Medicine Lake
34%
21,700 St. Michael
31%
1,566 Tonka Bay
31%
712 Greenwood
29%
3,653 Independence
29%
1,669 Long Lake
29%
7,624 Shorewood
29%
2,198 St. Bonifacius
29%
1,672 Maple Plain
26%
534 Minnetonka Beach
26%
24,677 Otsego
26%
2,899 Greenfield
23%
620 Loretto
23%
13,384 Waconia
23%
384 Woodland
23%
1,663 Spring Park
20%
16,502 Buffalo
17%
35,039 Roseville
17%
No matching quizzes found
Score Distribution
Percent of People with Each Score
Percentile by Number Answered
Your Score History
You have not taken this quiz